000 00756nam a22002297a 4500
003 OSt
005 20221110181626.0
008 221006b |||||||| |||| 00| 0 eng d
020 _a978-956-0566-5
040 _cBiblioteca Lado V
082 _a779
_bD948s
100 _9327
_aDurand, Regis
_ecurador
245 _aSignes D'Existence/
260 _aChile
_bFacultad de Artes Universitarias de Chile
_c2007
300 _c17x24cm
_a82p.
650 _2Tesauro de Arte & Arquitectura
_aARTE REGIONAL
650 _2Tesauro de Arte & Arquitectura
_aFOTOGRAFIA
650 _2Tesauro de Arte & Arquitectura
_aARTE VISUAL
700 _aBrugnoli, Francisco
_ecurador
700 _aDuprat, Andrés
_ecurador
942 _2ddc
_c1
_h779
_iD948s
_n0
999 _c2566
_d2566